Human resources management for department heads in the academe : (Record no. 7025)

MARC details
000 -LEADER
fixed length control field 00579nam a22001697a 4500
003 - CONTROL NUMBER IDENTIFIER
control field OSt
005 - DATE AND TIME OF LATEST TRANSACTION
control field 20251210064253.0
008 - FIXED-LENGTH DATA ELEMENTS--GENERAL INFORMATION
fixed length control field 251210b |||||||| |||| 00| 0 eng d
020 ## - INTERNATIONAL STANDARD BOOK NUMBER
International Standard Book Number 9711110261
040 ## - CATALOGING SOURCE
Original cataloging agency DWCL -Main
Transcribing agency OC
082 ## - DEWEY DECIMAL CLASSIFICATION NUMBER
Classification number Prof. 358.3 F345 1999
100 ## - MAIN ENTRY--PERSONAL NAME
Personal name Feraren, Mitchell M.
Relator term Author
245 ## - TITLE STATEMENT
Title Human resources management for department heads in the academe :
Remainder of title modular approach : technology integration pedagogy /
Statement of responsibility, etc. Mitchell M. Feraren
260 ## - PUBLICATION, DISTRIBUTION, ETC.
Place of publication, distribution, etc. Quezon City, Philippines:
Name of publisher, distributor, etc. JMC Press,
Date of publication, distribution, etc. c1999.
300 ## - PHYSICAL DESCRIPTION
Extent xii, 132 p.:
Dimensions 22 cm.
942 ## - ADDED ENTRY ELEMENTS (KOHA)
Source of classification or shelving scheme Dewey Decimal Classification
Koha item type Professional Collections
Suppress in OPAC No
952 ## - LOCATION AND ITEM INFORMATION (KOHA)
--
Holdings
Withdrawn status Lost status Source of classification or shelving scheme Damaged status Not for loan Home library Current library Date acquired Source of acquisition Total Checkouts Full call number Barcode Date last seen Copy number Price effective from Koha item type Uniform Resource Identifier
    Dewey Decimal Classification     Junior High School Library Junior High School Library 03/06/2005 Library Fund   Prof. 658.3 F345 1999 JHS - 12370 12/10/2025 c1 12/10/2025 PROF.